The machiavelli covenant
| Main Author: | Folsom, Allan |
|---|---|
| Published: |
New York:
A Forge Book,
2007.
|
| Subjects: |
| LEADER | 00457cam a2200157 7i4500 | ||
|---|---|---|---|
| 001 | 0000052688 | ||
| 005 | 20190530090000.0 | ||
| 020 | |a 0765318393 (pbk.) | ||
| 020 | |a 9780765318398 (pbk.) | ||
| 090 | 0 | 0 | |a F |b FOL 2007 |
| 100 | 1 | |a Folsom, Allan | |
| 245 | 1 | 4 | |a The machiavelli covenant |c Allan Folsom. |
| 260 | |a New York: |b A Forge Book, |c 2007. | ||
| 300 | |a 554 p.; |c 24 cm. | ||
| 650 | 0 | 0 | |a English fiction |
| 999 | |a 0000067447 |b BOK |c OPEN SHELF |e Ground Floor, Bestari Jaya | ||


